000 00858cam a22001934a 4500
005 20250605164131.0
008 250528s ||||||||||||||||||||||||d
035 _a18632
020 _a1883915058
040 _aGR-AtMCL
_bgre
_dGR-AtMCL
_eAACR2
245 1 _aDesigners' Handbook of Letterheads and Business Cards / Winning Designs from Print Magazine's National Design Competition
260 _bRc Publications,
_c1998
300 _a182
520 _aThis book offers inspiration for freelancers, small businesses, and large design firms interested in unique and noteworthy communications. Elegant Solutions, Nostalgia, Illustration, Imaginative Images, Naive Images, Photographic Images, Humor, Color, Literate Design, Wordplay, Word Pictures, Special Effects.
700 1 _aChambers Karen
_94902
942 _cBK
999 _c3979
_d3979